Tunang tak guna / (No. rekod 1850)
[ format kosong ]
| 000 -LEADER | |
|---|---|
| fixed length control field | 01640aam a2200229 i 4500 |
| 003 - CONTROL NUMBER IDENTIFIER | |
| control field | KPN |
| 005 - DATE AND TIME OF LATEST TRANSACTION | |
| control field | 20260430154725.0 |
| 008 - FIXED-LENGTH DATA ELEMENTS--GENERAL INFORMATION | |
| fixed length control field | 20260430b 00| 00 my d |
| 020 ## - INTERNATIONAL STANDARD BOOK NUMBER | |
| International Standard Book Number | 9789678607230 |
| Qualifying information | paperback |
| Terms of availability | RM32.00 |
| 040 ## - CATALOGING SOURCE | |
| Transcribing agency | KPN |
| 082 04 - DEWEY DECIMAL CLASSIFICATION NUMBER | |
| Classification number | BM FD MUR 2016 |
| Edition number | 23 |
| 090 00 - LOCALLY ASSIGNED LC-TYPE CALL NUMBER (OCLC); LOCAL CALL NUMBER (RLIN) | |
| Classification number (OCLC) (R) ; Classification number, CALL (RLIN) (NR) | BM FD MUR 2016 |
| Local cutter number (OCLC) ; Book number/undivided call number, CALL (RLIN) | MUR |
| 100 0# - MAIN ENTRY--PERSONAL NAME | |
| Personal name | Murni Aqila, |
| Relator term | author. |
| 245 10 - TITLE STATEMENT | |
| Title | Tunang tak guna / |
| Statement of responsibility, etc. | Murni Aqila |
| 264 #1 - PRODUCTION, PUBLICATION, DISTRIBUTION, MANUFACTURE, AND COPYRIGHT NOTICE | |
| Place of production, publication, distribution, manufacture | Shah Alam, Selangor : |
| Name of producer, publisher, distributor, manufacturer | Grup Buku Karangkraf Sdn. Bhd., |
| Date of production, publication, distribution, manufacture, or copyright notice | 2016 |
| 300 ## - PHYSICAL DESCRIPTION | |
| Extent | 710 pages ; |
| Dimensions | 19 cm |
| 521 ## - TARGET AUDIENCE NOTE | |
| Target audience note | Shila bertunang dengan Ezzat. Mereka suka sama suka.<br/><br/>Si Shila ni perangainya pelik sikit. Cepat menggelabah. Kalut tak tentu pasal. Kuat melatah. Lurus bendul. Tapi baik hati.<br/><br/>Ezzat ni pulak kononnya cinta sepenuh hati pada Shila. Namun pada hari mereka akan disatukan, Ezzat lari dari kampung! Tak tahulah sebab apa. Sakit otak agaknya. Tak guna!<br/><br/>Shila punyalah kecewa... menangis tak berhenti. Dahlah satu keluarga dapat malu. Menanggung hutang lagi. Kena kutuk pulak tu. Siapa yang tak sedih?<br/><br/>Tanpa disangka, rumah Shila terbakar. Semua tak dapat diselamatkan. Berita duka itu sampai kepada pengetahuan Ezzat. Menyesal tak sudah Ezzat dibuatnya. Walau dah bertahun-tahun, dia masih menyesal tinggalkan Shila.<br/><br/>Ditakdirkan dia jumpa gadis berwajah seiras Shila. Tapi gadis tu bergaya. Perangai pulak garang gila. Muka Ezzat selamba dia lempang. Padan muka Ezzat! Barulah bertemu buku dengan ruas. Ezzat panggil gadis tu awek rimau.<br/><br/>Hmm... apa yang terjadi antara Ezzat dengan awek rimau agaknya? |
| 650 14 - SUBJECT ADDED ENTRY--TOPICAL TERM | |
| Topical term or geographic name entry element | Malaysian fiction (Malay) |
| Topical term or geographic name entry element | Malay fiction |
| Topical term or geographic name entry element | Romance fiction, Malay |
| 942 ## - ADDED ENTRY ELEMENTS (KOHA) | |
| Source of classification or shelving scheme | |
| Koha item type | Book |
| Suppress in OPAC | No |
| Withdrawn status | Lost status | Source of classification or shelving scheme | Damaged status | Not for loan | Home library | Current library | Shelving location | Date acquired | Total Checkouts | Full call number | Barcode | Date last seen | Price effective from | Koha item type |
|---|---|---|---|---|---|---|---|---|---|---|---|---|---|---|
| Perpustakaan Kementerian Perpaduan Malaysia | Perpustakaan Kementerian Perpaduan Malaysia | Fiction Rack | 30/04/2026 | BM FD MUR 2016 | KPN26040083 | 30/04/2026 | 30/04/2026 | Book |